Monuments d'Europe (images) - Statistiques

Statistiques générales
  • Ce quiz a été pris 190 fois
  • Le résultat moyen est 6 sur 20
Statistiques - réponses
Par images Réponse % Correct
Tour de Pise
96%
Sagrada Familia
83%
Pyramide du Louvre
77%
Parthénon
68%
Atomium
55%
Porte de Brandebourg
46%
Stonehenge
43%
Pont d'Avignon
33%
Tour de Belem
21%
Cathédrale de Cologne
19%
Cathédrale de Strasbourg
17%
Palais des Doges
15%
The Shard
14%
Parlement de Budapest
12%
Musée Guggenheim
10%
La Maison dansante
7%
Château de Schonbrunn
3%
Monument Victor Emmanuel
2%
Pont Dom-Luis
2%
Turning Torso
1%
Aucun quiz correspondant
Distribution des résultats
% des personnes avec chaque résultat
Percentile par nombre de réponses
Votre historique - résultats
Vous n’avez pas pris ce quiz